| 000 | 00460cam a2200181ua 4500 | ||
|---|---|---|---|
| 020 | _c5.00 | ||
| 041 |
_ahin _h |
||
| 082 |
_a891.43 _bNAR/SA |
||
| 100 | _aNarhari Da , Parikh . | ||
| 245 |
_aSardar Vallab bhai Part-ll / _cNarhari da parikh. _hTextual Documents |
||
| 250 |
_a1 / _b. |
||
| 260 |
_aAhamadabad : _bNavjeevan prakashan mandir , _c1956. |
||
| 300 | _a651 ; . | ||
| 365 | _a5.00 | ||
| 504 | _a | ||
| 942 | _cBK | ||
| 999 |
_c12142 _d12142 |
||